Biotechnology and rubber tree : Proceedings of IRRDB symposium 25-28 Sep 2001, CIRAD, Montpellier, France (Record no. 44021)

MARC details
000 -LEADER
fixed length control field 00609nam a2200193Ia 4500
082 ## - DEWEY DECIMAL CLASSIFICATION NUMBER
Item number IRR;1
245 #0 - TITLE STATEMENT
Title Biotechnology and rubber tree : Proceedings of IRRDB symposium 25-28 Sep 2001, CIRAD, Montpellier, France
260 ## - PUBLICATION, DISTRIBUTION, ETC. (IMPRINT)
Place of publication France
Name of publisher IRRDB
Year of publication 2001
650 ## - SUBJECT ADDED ENTRY--TOPICAL TERM
Topical Term China rubber industry
650 ## - SUBJECT ADDED ENTRY--TOPICAL TERM
Topical Term Cyanogenic glucosidase
650 ## - SUBJECT ADDED ENTRY--TOPICAL TERM
Topical Term Hevea expressed sequence tags
650 ## - SUBJECT ADDED ENTRY--TOPICAL TERM
Topical Term Hevea somatic embryogenesis
650 ## - SUBJECT ADDED ENTRY--TOPICAL TERM
Topical Term RAPD analysis
650 ## - SUBJECT ADDED ENTRY--TOPICAL TERM
Topical Term Recombinant protein
650 ## - SUBJECT ADDED ENTRY--TOPICAL TERM
Topical Term Rubber biotechnology
650 ## - SUBJECT ADDED ENTRY--TOPICAL TERM
Topical Term Tyre technology
942 ## - ADDED ENTRY ELEMENTS (KOHA)
Koha item type Books
Holdings
Withdrawn status Lost status Damaged status Not for loan Home library Current library Date acquired Source of acquisition Full call number Accession Number Koha item type
        RRII Library RRII Library 16/12/2021 Gift IRR;1 G00769 Books